| RUSMARC |
| 000 | | | 04835cbm0a2200301#x 450 | | 001 | | | f2b9caa2-c9a8-41f3-8414-2baf54e61547 | | 005 | | | 20250303110914.0 | | 100 | ## | $a | 20250303j19450312k###0rusy50 ca | | 101 | 0# | $a | rus | | | $a | eng | | 102 | ## | $a | RU | | 122 | 0# | $a | d19450312## | | 200 | 1# | $a | Письмо посла США в СССР А. Гарримана наркому иностранных дел СССР В. М. Молотову по вопросу возможного установления контактов между представителями англо-американского командования и генералом К. Вольфом с целью вывода из войны немецкой группировки войск в Италии | | | $j | 12 марта 1945 г. | | 251 | ## | $c | Документ | | 300 | ## | $a | Подлинник. На английском и русском языках | | 461 | #0 | $1 | 2001 | | | $a | Ф. 06 | | | $1 | 251 | | | $c | Фонд | | | $1 | 852 | | | $j | 06 | | 462 | #0 | $1 | 2001 | | | $a | Оп. 7. П. 14 | | | $1 | 251 | | | $c | Опись | | | $1 | 852 | | | $j | 7. П. 14 | | 462 | #0 | $1 | 2001 | | | $a | Д. 137 | | | $v | Л. 1-3, 4, 9, 6 | | | $1 | 251 | | | $c | Дело | | | $1 | 852 | | | $j | 137 | | 605 | ## | $2 | prlib_sh | | | $3 | LIBNET\UAF\0000088514 | | | $a | Вторая мировая война в архивных документах (Комплекс оцифрованных архивных документов, кино- и фотоматериалов) | | | $l | коллекция | | 605 | ## | $2 | acquisition_Prlib | | | $3 | DITM\AF\0000002775 | | | $a | Власть | | | $l | коллекция | | 606 | 1# | $2 | nlr_sh | | | $3 | RU\NLR\AUTH\66386788 | | | $a | Международные отношения | | | $z | 1944 - 1945 | | | $j | Документы и материалы | | 607 | ## | $2 | nlr_sh1 | | | $3 | RU\NLR\AUTH\66218729 | | | $a | Германия | | | $x | Внешняя политика | | | $z | 1945 | | | $j | Документы и материалы | | 686 | ## | $a | 63.3(4Гем)62-6ю1 | | | $v | LBC/M | | | $2 | rubbk | | 686 | ## | $a | 63.3(0)6-6ю1 | | | $v | LBC/M | | | $2 | rubbk | | 801 | #0 | $a | RU | | | $b | ПБ им. Б.Н. Ельцина | | | $c | 20250303 | | 801 | #1 | $a | RU | | | $b | ПБ им. Б.Н. Ельцина | | | $c | 20250303 | | | $2 | rusmarc | | 801 | #2 | $a | RU | | | $b | ПБ им. Б.Н. Ельцина | | | $c | 20250303 | | | $2 | rusmarc | | 850 | ## | $a | Архив внешней политики Российской Федерации | | 852 | ## | $a | АВП РФ | | | $j | Л. 1-3, 4, 9, 6 | | 035 | ## | $a | LIBNET\0001457927 | | 937 | ## | $d | 196194758 | | | $h | Федеральное архивное агентство | | 856 | 4# | $u | http://readingroom.main.prlib.ru/item.aspx?id_node=n196194758&mode=full |
|